[Event "ch-FRA Blitz Online Qual"]
[Site "Europe-Chess INT"]
[Date "2020.05.16"]
[Round "12"]
[White "Mamedov, Rauf"]
[Black "Demuth, Adrien"]
[Result "1-0"]
[WhiteTitle "GM"]
[BlackTitle "GM"]
[WhiteElo "2654"]
[BlackElo "2492"]
[WhiteFideId "13401653"]
[BlackFideId "642274"]
[EventDate "2020.05.16"]

1. e4 c5 2. Nf3 d6 3. Nc3 Nc6 4. g3 Nf6 5. Bg2 g6 6. O-O Bg7 7. d3 O-O 8. Re1
Nd7 9. a4 Rb8 10. Nd2 a6 11. h3 b5 12. axb5 axb5 13. e5 Nd4 14. exd6 exd6 15.
Nde4 b4 16. Nd5 Nb6 17. Bg5 f6 18. Nexf6+ Bxf6 19. Bxf6 Qxf6 20. Nxf6+ Rxf6 21.
c3 Nf5 22. Re8+ Kf7 23. Rh8 Kg7 24. Rd8 Nh6 25. Qe2 Nf7 26. Qe7 g5 27. Qf8+ Kg6
28. Be4+ 1-0

[Event "ch-FRA Blitz Online Qual"]
[Site "Europe-Chess INT"]
[Date "2020.05.16"]
[Round "12"]
[White "Baklan, Vladimir"]
[Black "Rakotomaharo, Fy Antenaina"]
[Result "1-0"]
[WhiteTitle "GM"]
[BlackTitle "IM"]
[WhiteElo "2587"]
[BlackElo "2422"]
[WhiteFideId "14102196"]
[BlackFideId "13100050"]
[EventDate "2020.05.16"]

1. e4 c5 2. Nf3 d6 3. d4 cxd4 4. Nxd4 Nf6 5. Nc3 a6 6. h3 e5 7. Nde2 h5 8. g3
Be7 9. Bg2 Nbd7 10. a4 b6 11. Nd5 Nxd5 12. Qxd5 Ra7 13. Nc3 O-O 14. O-O Nf6 15.
Qd1 Be6 16. Be3 Rb7 17. Qe2 b5 18. axb5 axb5 19. Nxb5 d5 20. exd5 Bxd5 21. Rfd1
Qb8 22. Bxd5 Rxb5 23. Ra8 Nxd5 24. Rxb8 Rfxb8 25. c4 Rxb2 26. Qf3 e4 27. Qxe4
Nc3 28. Qxe7 Nxd1 29. Bd4 Rd2 30. Qe5 Rxd4 31. Qxd4 Rb1 32. Kg2 1-0

[Event "ch-FRA Blitz Online Qual"]
[Site "Europe-Chess INT"]
[Date "2020.05.16"]
[Round "12"]
[White "Velten, Paul"]
[Black "Ioannidis, Evgenios"]
[Result "1-0"]
[WhiteTitle "GM"]
[BlackTitle "IM"]
[WhiteElo "2480"]
[BlackElo "2401"]
[WhiteFideId "681091"]
[BlackFideId "4229274"]
[EventDate "2020.05.16"]

1. d4 d5 2. c4 c6 3. Nf3 Nf6 4. e3 e6 5. Nbd2 Nbd7 6. Bd3 Bd6 7. O-O O-O 8. e4
e5 9. Re1 dxe4 10. Bxe4 Nxe4 11. Nxe4 Bb4 12. Bd2 Bxd2 13. Qxd2 exd4 14. Qxd4
Nf6 15. Nxf6+ Qxf6 16. Qxf6 gxf6 17. Re7 Be6 18. b3 Rab8 19. Nd4 Rfe8 20. Rc7
Rec8 21. Nxe6 fxe6 22. Rd7 a5 23. Rad1 b5 24. c5 b4 25. R1d3 Rb5 26. Rg3+ Kh8
27. Rh3 Rxc5 28. g3 h5 29. Rh4 Rg8 30. Re7 Rg4 31. Rxg4 hxg4 32. Rxe6 Kg7 33.
Re7+ Kg6 34. Ra7 Rc1+ 35. Kg2 Rc5 36. h3 f5 37. h4 f4 38. gxf4 Kf5 39. h5 Kxf4
40. h6 Rh5 41. h7 Rh6 42. Rg7 Kf5 43. Ra7 Kf4 44. Rxa5 Rxh7 45. Rc5 Ra7 46. Rxc6
Rxa2 47. Rc4+ Kf5 48. Kg3 Rb2 49. Rf4+ Ke5 50. Rxb4 Kf5 51. Rb8 Kg5 52. Rb5+ Kf6
53. b4 Kg6 54. Rb8 Kf5 55. Rf8+ Kg6 56. Rf4 Kh5 57. Rxg4 Rb3+ 58. f3 Rb1 59. Kf2
Rb3 60. Ke2 Rc3 61. Rg8 Rc2+ 62. Kd3 Rb2 63. Kc3 Rb1 64. Kc4 1-0

[Event "ch-FRA Blitz Online Qual"]
[Site "Europe-Chess INT"]
[Date "2020.05.16"]
[Round "12"]
[White "Safarli, Eltaj"]
[Black "Valles Moreno, Ivan"]
[Result "1-0"]
[WhiteTitle "GM"]
[BlackTitle "IM"]
[WhiteElo "2598"]
[BlackElo "2417"]
[WhiteFideId "13402129"]
[BlackFideId "2205688"]
[EventDate "2020.05.16"]

1. e4 d6 2. d4 Nf6 3. Nc3 e5 4. Nf3 Nbd7 5. Bc4 Be7 6. O-O O-O 7. a4 c6 8. a5 h6
9. Re1 exd4 10. Qxd4 Ne5 11. Be2 Qc7 12. Bf4 Nfd7 13. Qd2 Re8 14. Nd4 Nf6 15.
Bg3 Bf8 16. f4 Ng6 17. Bf3 Bg4 18. Bxg4 Nxg4 19. Nf5 Nf6 20. Bf2 Qd7 21. Bd4 Nh5
22. Be3 d5 23. Ng3 Nxg3 24. hxg3 Qg4 25. Bf2 h5 26. exd5 h4 27. Qd3 Ne7 28. gxh4
Nxd5 29. Nxd5 cxd5 30. g3 Rad8 31. Kg2 d4 32. Rxe8 Rxe8 33. Qxd4 Re2 34. c4 Qe6
35. Rf1 b6 36. axb6 axb6 37. Qd5 Qe3 38. Qf3 Qd2 39. Kg1 Bc5 40. Bxc5 bxc5 41.
Ra1 Rh2 42. Ra8+ Kh7 43. Qh5# 1-0

[Event "ch-FRA Blitz Online Qual"]
[Site "Europe-Chess INT"]
[Date "2020.05.16"]
[Round "12"]
[White "Riff, Vincent"]
[Black "Piorun, Kacper"]
[Result "0-1"]
[WhiteTitle "FM"]
[BlackTitle "GM"]
[WhiteElo "2405"]
[BlackElo "2601"]
[WhiteFideId "617776"]
[BlackFideId "1130420"]
[EventDate "2020.05.16"]

1. e4 c6 2. Nc3 d5 3. Nf3 dxe4 4. Nxe4 Nf6 5. Qe2 Nxe4 6. Qxe4 Nd7 7. Bc4 Nf6 8.
Ne5 e6 9. Qe2 Bd6 10. O-O Qc7 11. d4 b5 12. Bb3 Bb7 13. Re1 O-O 14. c3 c5 15.
Bg5 Nd5 16. Bc2 c4 17. Qh5 g6 18. Qh6 f6 19. Nxg6 hxg6 20. Rxe6 Bxh2+ 21. Kh1
Bf4 22. Qxg6+ Qg7 23. Qxg7+ Kxg7 24. Bh4 Rh8 25. g3 Nc7+ 0-1

[Event "ch-FRA Blitz Online Qual"]
[Site "Europe-Chess INT"]
[Date "2020.05.16"]
[Round "12"]
[White "Vedmediuc, Serghei"]
[Black "Tokhirjonova, Gulrukhbegim"]
[Result "0-1"]
[WhiteTitle "IM"]
[BlackTitle "WGM"]
[WhiteElo "2464"]
[BlackElo "2378"]
[WhiteFideId "13900790"]
[BlackFideId "14203626"]
[EventDate "2020.05.16"]

1. e4 e5 2. Nf3 Nc6 3. Bb5 a6 4. Ba4 Nf6 5. O-O Nxe4 6. d4 b5 7. Bb3 d5 8. dxe5
Be6 9. Nbd2 Be7 10. c3 O-O 11. Bc2 f5 12. exf6 Nxf6 13. Re1 Bg4 14. h3 Bh5 15.
Nf1 Bd6 16. g4 Bf7 17. Ng5 Ne5 18. Nxf7 Rxf7 19. Ng3 Nfxg4 20. hxg4 Nf3+ 21. Kg2
Nh4+ 22. Kh3 Rxf2 23. Qxd5+ Kh8 24. Qe4 Ng6 25. g5 Qd7+ 26. Nf5 Rf8 27. Be3 Rh2+
28. Kg4 Rh4+ 29. Kf3 Rxe4 30. Bxe4 Rxf5+ 31. Ke2 Re5 32. Bxg6 hxg6 33. Rad1 Qg4+
34. Kd2 Qg2+ 35. Re2 Qd5+ 36. Bd4 Rxe2+ 37. Kxe2 Qg2+ 38. Kd3 Qf3+ 39. Kc2 Bf4
40. Re1 Bxg5 41. a3 c5 42. Re8+ Kh7 43. Be5 Qe4+ 44. Kb3 Qc4+ 45. Kc2 Qe2+ 46.
Kb3 c4+ 47. Ka2 Bc1 0-1

[Event "ch-FRA Blitz Online Qual"]
[Site "Europe-Chess INT"]
[Date "2020.05.16"]
[Round "12"]
[White "Droin, Augustin"]
[Black "Maze, Sebastien"]
[Result "0-1"]
[WhiteTitle "FM"]
[BlackTitle "GM"]
[WhiteElo "2313"]
[BlackElo "2557"]
[WhiteFideId "45105987"]
[BlackFideId "613762"]
[EventDate "2020.05.16"]

1. e4 c5 2. Nf3 Nc6 3. Bb5 e6 4. O-O Nge7 5. Nc3 a6 6. Bxc6 Nxc6 7. d4 cxd4 8.
Nxd4 d6 9. Be3 Be7 10. Qe2 Bd7 11. Rfd1 O-O 12. f4 Rc8 13. Nb3 b5 14. Qd2 Qc7
15. Ne2 Rfd8 16. a4 bxa4 17. Rxa4 Ne5 18. Rxa6 Nc4 19. Qc1 Nxe3 20. Qxe3 Qxc2
21. Rd2 Qc7 22. Ra7 Qb8 23. Ra1 Rc4 24. Nbd4 Rb4 25. Rb1 Rc8 26. f5 Bf6 27. fxe6
fxe6 28. h3 Qb6 29. Qf2 Rf8 30. Nf3 Qb8 31. e5 Bxe5 32. b3 Bc6 33. Qe3 Bxf3 34.
gxf3 Rh4 35. f4 Bxf4 36. Qxe6+ Kh8 37. Nxf4 Rhxf4 38. Qxd6 Qe8 39. Qd5 Qg6+ 40.
Qg2 Qb6+ 41. Kh1 g6 42. Rd3 Rf2 43. Qd5 Rf1+ 44. Rxf1 Rxf1+ 45. Kg2 Qg1# 0-1

[Event "ch-FRA Blitz Online Qual"]
[Site "Europe-Chess INT"]
[Date "2020.05.16"]
[Round "12"]
[White "Papadiamandis, Elliot"]
[Black "Edouard, Romain"]
[Result "1-0"]
[BlackTitle "GM"]
[WhiteElo "2269"]
[BlackElo "2649"]
[WhiteFideId "36074160"]
[BlackFideId "633429"]
[EventDate "2020.05.16"]

1. e4 c5 2. Nc3 d6 3. Nf3 Nf6 4. d4 cxd4 5. Nxd4 Nc6 6. f3 e5 7. Nb3 Be6 8. Be3
Be7 9. Qd2 O-O 10. Nd5 Bxd5 11. exd5 Nb8 12. Na5 Qc7 13. c4 b6 14. Nb3 Nbd7 15.
Be2 a5 16. Rc1 Nc5 17. Na1 Nh5 18. O-O f5 19. b3 f4 20. Bf2 e4 21. fxe4 Nxe4 22.
Qc2 Nhf6 23. Bd4 g5 24. Bd3 Nc5 25. Bxh7+ Kh8 26. Bf5 Bd8 27. Rf3 Kg8 28. a3 Qe7
29. b4 axb4 30. axb4 Ncd7 31. Be6+ Kg7 32. Qf5 Ne5 33. Qxg5+ Kh8 34. Rh3+ Nh7
35. Bxe5+ dxe5 36. Qxe5+ Qf6 37. Qh5 Ra7 38. Nb3 Qb2 39. Bf5 Rg8 40. Qxh7+ Rxh7
41. Rxh7# 1-0

[Event "ch-FRA Blitz Online Qual"]
[Site "Europe-Chess INT"]
[Date "2020.05.16"]
[Round "12"]
[White "Lagarde, Maxime"]
[Black "Jolly, Jean-Francois"]
[Result "1-0"]
[WhiteTitle "GM"]
[BlackTitle "IM"]
[WhiteElo "2655"]
[BlackElo "2378"]
[WhiteFideId "662399"]
[BlackFideId "634751"]
[EventDate "2020.05.16"]

1. e4 c5 2. Nf3 Nc6 3. Nc3 g6 4. Bb5 Bg7 5. O-O e5 6. Nd5 Nge7 7. c3 a6 8. Ba4
O-O 9. d4 cxd4 10. cxd4 Nxd5 11. exd5 Nxd4 12. Nxd4 exd4 13. d6 Qf6 14. Re1 Qxd6
15. Bg5 Bf6 16. Qd2 b5 17. Bb3 Bb7 18. Bf4 Qc6 19. f3 Rfe8 20. Rac1 Qb6 21. Bc7
Qa7 22. Qf4 d3+ 23. Kf1 Qd4 24. Qxd4 Bxd4 25. Rxe8+ Rxe8 26. Rd1 Bxb2 27. Rxd3
Bc6 28. g4 Bf6 29. f4 Re4 30. g5 Bd4 31. Bd1 Bc5 32. Bg4 Re8 33. Bxd7 Bxd7 34.
Rxd7 Ra8 35. Ke2 Bf8 36. Ba5 Rc8 37. Kd3 Rc6 38. Bc7 Rc4 39. Be5 Rc8 40. Ra7 b4
41. Rxa6 Rd8+ 42. Ke4 h6 43. h4 h5 44. f5 Rc8 45. fxg6 fxg6 46. Rxg6+ Kf7 47.
Rf6+ Ke8 48. Kf5 Rc2 49. Ra6 1-0

[Event "ch-FRA Blitz Online Qual"]
[Site "Europe-Chess INT"]
[Date "2020.05.16"]
[Round "12"]
[White "Dourerassou, Jonathan"]
[Black "Laurent-Paoli, Pierre"]
[Result "1-0"]
[WhiteTitle "GM"]
[BlackTitle "FM"]
[WhiteElo "2477"]
[BlackElo "2402"]
[WhiteFideId "628050"]
[BlackFideId "26017962"]
[EventDate "2020.05.16"]

1. e4 Nc6 2. Nc3 e5 3. Nf3 Nf6 4. Bb5 d6 5. O-O Bd7 6. d4 Be7 7. Bxc6 Bxc6 8.
dxe5 dxe5 9. Nxe5 Qxd1 10. Rxd1 Bxe4 11. Nxe4 Nxe4 12. Re1 Nf6 13. Nf3 h6 14.
Bf4 Nd5 15. Bg3 O-O 16. c4 Bb4 17. cxd5 Bxe1 18. Rxe1 Rfd8 19. Rd1 Rd7 20. Ne5
Re7 21. Kf1 Rd8 22. Nc4 Red7 23. Ne3 f5 24. Nxf5 Kf7 25. Ne3 g5 26. Rc1 c6 27.
d6 Re8 28. Ng4 Kg7 29. Be5+ Rxe5 30. Nxe5 Rxd6 31. Nc4 Rd5 32. Ne3 Rd2 33. Rc2
Rd7 34. Ke2 Kg6 35. g4 h5 36. h3 hxg4 37. hxg4 Re7 38. Rd2 a5 39. Rd6+ Kf7 40.
Kf3 Ke8 41. Nf5 Re5 42. Rd3 Rc5 43. Rc3 Rd5 44. Ke3 Re5+ 45. Kd2 Rd5+ 46. Rd3
Rc5 47. Nd6+ Ke7 48. Ne4 Re5 49. f3 a4 50. Rd4 b5 51. a3 c5 52. Rd3 b4 53. axb4
cxb4 54. Kc2 Rb5 55. Rd4 a3 56. bxa3 bxa3 57. Ra4 Rb2+ 58. Kc3 Rf2 59. Nxf2 1-0

[Event "ch-FRA Blitz Online Qual"]
[Site "Europe-Chess INT"]
[Date "2020.05.16"]
[Round "12"]
[White "Cotonnec, Melkior"]
[Black "Bailet, Pierre"]
[Result "1/2-1/2"]
[WhiteTitle "IM"]
[BlackTitle "IM"]
[WhiteElo "2300"]
[BlackElo "2500"]
[WhiteFideId "633275"]
[BlackFideId "655830"]
[EventDate "2020.05.16"]

1. e4 e5 2. Nf3 Nc6 3. Bc4 Nf6 4. d3 Be7 5. O-O O-O 6. Re1 d6 7. c3 Na5 8. Bb5
c5 9. h3 a6 10. Ba4 Be6 11. Bc2 Nc6 12. d4 cxd4 13. cxd4 exd4 14. Nxd4 Nxd4 15.
Qxd4 d5 16. Nc3 dxe4 17. Qxd8 Rfxd8 18. Bg5 h6 19. Bh4 Rac8 20. Bxe4 g5 21. Bg3
Nxe4 22. Nxe4 Rc2 23. Be5 f5 24. Nc3 Kf7 25. Re2 Rxe2 26. Nxe2 Rd2 27. Re1 Bxa2
28. Bc3 Rd7 29. Nd4 f4 30. Nf5 Bf8 31. g4 fxg3 32. fxg3 Be6 33. g4 Bxf5 34. gxf5
b5 35. Re6 b4 36. Be5 Bc5+ 37. Kg2 Bd4 38. Bd6 Bxb2 39. Bxb4 Rd5 40. Rxa6 Rxf5
41. Rxh6 Bf6 42. Rh7+ Kg6 43. Rd7 Rb5 44. Bd2 Rb2 45. Kf3 Rb3+ 46. Kg2 Rb2 47.
Kf3 Rb3+ 48. Kg2 Rb2 1/2-1/2

[Event "ch-FRA Blitz Online Qual"]
[Site "Europe-Chess INT"]
[Date "2020.05.16"]
[Round "12"]
[White "Migot, Tangi"]
[Black "Riff, Jean-Noel"]
[Result "1/2-1/2"]
[WhiteTitle "IM"]
[BlackTitle "GM"]
[WhiteElo "2351"]
[BlackElo "2504"]
[WhiteFideId "662445"]
[BlackFideId "611190"]
[EventDate "2020.05.16"]

1. e4 e5 2. Nf3 Nc6 3. Nc3 Nf6 4. d4 exd4 5. Nxd4 Bb4 6. Nxc6 bxc6 7. Bd3 d5 8.
Bd2 O-O 9. O-O Bxc3 10. Bxc3 Nxe4 11. Bxe4 dxe4 12. Re1 Qxd1 13. Raxd1 Bf5 14.
Rd4 Rfd8 15. Rc4 Rd6 16. Be5 Rd2 17. Bf4 Rd5 18. Rxc6 h6 19. Rxc7 a5 20. a4 Rad8
21. h3 g5 22. Be3 Bg6 23. Rc6 Kg7 24. c3 R8d6 25. Rxd6 Rxd6 26. b4 f5 27. Bd4+
Kf7 28. bxa5 Ke6 29. Rb1 Kd5 30. Rb5+ Kc4 31. Rb6 Kd5 32. c4+ Ke6 33. a6 Rxb6
34. Bxb6 Be8 35. a7 Bc6 36. g4 Kf6 37. Bd4+ Kg6 38. Kf1 h5 39. gxh5+ Kxh5 40.
Bf6 Kh4 41. Ke2 f4 42. Bd8 Ba8 43. Be7 Bc6 44. Bd8 Ba8 45. Be7 Bc6 46. Bd8 1/2-1/2

[Event "ch-FRA Blitz Online Qual"]
[Site "Europe-Chess INT"]
[Date "2020.05.16"]
[Round "12"]
[White "Kurmann, Oliver"]
[Black "Stephan, Victor"]
[Result "1-0"]
[WhiteTitle "IM"]
[BlackTitle "IM"]
[WhiteElo "2430"]
[BlackElo "2439"]
[WhiteFideId "1308173"]
[BlackFideId "656666"]
[EventDate "2020.05.16"]

1. e4 c5 2. Nf3 d6 3. d4 cxd4 4. Nxd4 Nf6 5. Nc3 a6 6. Bg5 e6 7. f3 b5 8. Qd2 h6
9. Be3 Nbd7 10. a3 Bb7 11. O-O-O Nb6 12. Kb1 Nfd7 13. Qe1 Rc8 14. h4 Ne5 15. f4
Nec4 16. Bc1 Qc7 17. Rh3 Be7 18. b3 Na5 19. Bb2 d5 20. Ncxb5 axb5 21. Qxa5 O-O
22. Rc3 Qd8 23. Rxc8 Bxc8 24. e5 Bd7 25. h5 Qc7 26. Nxb5 Bxb5 27. Qxb5 Rb8 28.
Qd3 Qb7 29. Qd4 Qc6 30. g4 Na4 31. Qxa4 Qxa4 32. bxa4 Bxa3 33. Bb5 Bb4 34. c3
Bc5 35. Kc2 f6 36. Re1 Kf7 37. Kd3 Bf2 38. Rf1 Bg3 39. c4 dxc4+ 40. Kxc4 Rc8+
41. Kb3 Rd8 42. a5 Rd5 43. Kb4 Rd2 44. Bc3 Ra2 45. a6 Bf2 46. Ba4 Ba7 47. f5
fxe5 48. fxe6+ Ke7 49. Rf7+ Kd6 50. Rxa7 e4 51. e7 e3 52. e8=Q 1-0

[Event "ch-FRA Blitz Online Qual"]
[Site "Europe-Chess INT"]
[Date "2020.05.16"]
[Round "12"]
[White "Fantinel, Thibault"]
[Black "Parligras, Mircea-Emilian"]
[Result "0-1"]
[WhiteTitle "IM"]
[BlackTitle "GM"]
[WhiteElo "2375"]
[BlackElo "2591"]
[WhiteFideId "663395"]
[BlackFideId "1204297"]
[EventDate "2020.05.16"]

1. e4 c5 2. Nf3 d6 3. Bb5+ Nc6 4. O-O Bd7 5. Re1 Nf6 6. h3 a6 7. Bf1 e5 8. c3
Be7 9. d4 O-O 10. d5 Nb8 11. a4 b6 12. b4 Bc8 13. Nbd2 Nbd7 14. b5 axb5 15. Bxb5
Ne8 16. Nc4 Ba6 17. Bxa6 Rxa6 18. Qb3 Nc7 19. Be3 Qa8 20. Ra3 Rb8 21. Rea1 Qb7
22. Nfd2 g6 23. R3a2 Kg7 24. Na3 Rba8 25. Nb5 Nxb5 26. Qxb5 Ra5 27. Qb3 b5 28.
axb5 Rxa2 29. Rxa2 Rxa2 30. Qxa2 Qxb5 31. Nc4 Nf6 32. f3 Nh5 33. Kh2 Bh4 34. g4
Nf4 35. Bxf4 exf4 36. Kg2 Be1 37. Nxd6 Qd3 38. Ne8+ Kh6 39. d6 Bd2 40. Qa1 Qe2+
41. Kh1 Qxf3+ 42. Kh2 Qf2+ 43. Kh1 Qf3+ 44. Kh2 Qg3+ 45. Kh1 Qxh3+ 46. Kg1 Be3# 0-1

[Event "ch-FRA Blitz Online Qual"]
[Site "Europe-Chess INT"]
[Date "2020.05.16"]
[Round "12"]
[White "Wirig, Anthony"]
[Black "Shirazi, Kamran"]
[Result "1-0"]
[WhiteTitle "GM"]
[BlackTitle "IM"]
[WhiteElo "2499"]
[BlackElo "2355"]
[WhiteFideId "615013"]
[BlackFideId "2000733"]
[EventDate "2020.05.16"]

1. d4 c5 2. d5 e6 3. Nc3 b5 4. e4 b4 5. Nce2 exd5 6. exd5 d6 7. Ng3 Be7 8. Nh5
g6 9. Nf4 Bg5 10. Bb5+ Nd7 11. Nge2 Nh6 12. O-O O-O 13. Ng3 Rb8 14. Be2 Kg7 15.
Ne4 Be7 16. b3 Nf6 17. Bb2 Kg8 18. Ng3 Nf5 19. c4 Nxg3 20. hxg3 Ne4 21. Bd3 Nc3
22. Qc2 Bf6 23. Rae1 a5 24. a4 Rb7 25. Qd2 h5 26. Re3 Bg5 27. Rfe1 h4 28. Bxc3
bxc3 29. Qxc3 hxg3 30. fxg3 Bf6 31. Qc2 Bd4 32. Kh2 Bxe3 33. Rxe3 Re7 34. Rf3
Re5 35. Bxg6 Qg5 36. Bd3 Bg4 37. Rf1 Kg7 38. Kg1 Rh8 39. Qc3 Rh6 40. Qxa5 Rf6
41. Qd2 Kg8 42. a5 Re7 43. Qc3 Bf5 44. Nh5 Bxd3 45. Nxf6+ Kf8 46. Qxd3 Re3 47.
Nh7+ Ke7 48. Nxg5 Rxd3 49. Rxf7+ Ke8 50. a6 Rc3 51. a7 Rc1+ 52. Kh2 Ra1 53. Rb7
Rxa7 54. Rxa7 Kd8 55. Kh3 Ke8 56. Kg4 Kf8 57. Kf5 Ke8 58. Kf6 Kd8 59. Ke6 Kc8
60. Kxd6 Kb8 61. Re7 Kc8 62. Ne6 Kb8 63. Kc6 Kc8 64. Kb6 Kb8 65. Re8# 1-0

[Event "ch-FRA Blitz Online Qual"]
[Site "Europe-Chess INT"]
[Date "2020.05.16"]
[Round "12"]
[White "Bulmaga, Irina"]
[Black "Arnaudov, G. Petar"]
[Result "0-1"]
[WhiteTitle "IM"]
[BlackTitle "GM"]
[WhiteElo "2440"]
[BlackElo "2471"]
[WhiteFideId "13903063"]
[BlackFideId "2907127"]
[EventDate "2020.05.16"]

1. e4 c6 2. d4 d5 3. e5 Bf5 4. Nf3 e6 5. Be2 Ne7 6. O-O Ng6 7. Be3 Nd7 8. Nbd2
f6 9. c4 fxe5 10. cxd5 exd5 11. Nxe5 Ngxe5 12. dxe5 Nxe5 13. Bd4 Bd6 14. Bh5+
Kf8 15. Nf3 Nf7 16. h3 Rg8 17. Qd2 g6 18. Bg4 Be4 19. Be6 Bxf3 20. gxf3 Qg5+ 21.
Qxg5 Nxg5 22. Bxg8 Nxf3+ 23. Kg2 Nxd4 24. Rad1 Ne2 25. Bxh7 Kg7 26. Bxg6 Nf4+
27. Kf3 Nxg6 28. Rg1 Kf6 29. Rde1 Ne5+ 30. Ke2 Rh8 31. Rg3 Ng6 32. Rf3+ Nf4+ 33.
Ke3 Re8+ 34. Kd2 Bb4+ 35. Kc2 Bxe1 36. Rxf4+ Kg6 37. Kd3 Ba5 38. h4 Bc7 39. Ra4
Bb6 40. Rf4 Re7 41. b4 Rf7 42. Rg4+ Kh5 43. Rg8 Rf3+ 44. Kc2 Rxf2+ 45. Kb3 Rf7
46. Rh8+ Kg6 47. h5+ Kg7 48. Rb8 Kh6 49. Rh8+ Rh7 50. Rb8 Kxh5 51. a4 a6 52. a5
Bf2 53. Rf8 Bg3 54. Rf5+ Kg4 55. Rf8 Re7 56. Ka4 Bf4 57. Rg8+ Kf3 58. Rf8 Ke4
59. Kb3 Be5 60. Rd8 Kd3 61. Ra8 Bd4 62. Rg8 Re2 63. Rg3+ Be3 64. Rh3 d4 65. Rg3
Re1 66. Rh3 Rb1+ 67. Ka2 Rxb4 0-1

[Event "ch-FRA Blitz Online Qual"]
[Site "Europe-Chess INT"]
[Date "2020.05.16"]
[Round "12"]
[White "Suarez Uriel, Adrian"]
[Black "Marcelin, Cyril"]
[Result "1/2-1/2"]
[WhiteTitle "IM"]
[BlackTitle "GM"]
[WhiteElo "2340"]
[BlackElo "2444"]
[WhiteFideId "22230874"]
[BlackFideId "607274"]
[EventDate "2020.05.16"]

1. e4 c6 2. Nc3 d5 3. Nf3 g6 4. d4 dxe4 5. Nxe4 Bg7 6. Bc4 Nf6 7. Nxf6+ exf6 8.
O-O O-O 9. c3 Na6 10. h3 Nc7 11. Re1 Re8 12. Rxe8+ Qxe8 13. Bd2 Be6 14. Bxe6
Qxe6 15. Qb3 Qxb3 16. axb3 a6 17. Kf1 Re8 18. Re1 Rxe1+ 19. Kxe1 f5 20. Ke2 Kf8
21. Kd3 Ke7 22. c4 Ne6 23. g3 h5 24. Bc3 Bf6 25. b4 b5 26. b3 Ng5 27. Nxg5 Bxg5
28. f4 Bh6 29. h4 Ke6 30. Bd2 Bf8 31. Be1 Be7 32. Bd2 Bf8 33. Be1 Be7 34. Bd2
Bf8 1/2-1/2

[Event "ch-FRA Blitz Online Qual"]
[Site "Europe-Chess INT"]
[Date "2020.05.16"]
[Round "12"]
[White "Barseghyan, Harutyun"]
[Black "Suarez Real, Alberto"]
[Result "1-0"]
[WhiteTitle "IM"]
[BlackTitle "IM"]
[WhiteElo "2463"]
[BlackElo "2448"]
[WhiteFideId "13304585"]
[BlackFideId "2218534"]
[EventDate "2020.05.16"]

1. d4 Nf6 2. Nf3 g6 3. Nbd2 Bg7 4. e4 O-O 5. e5 Nd5 6. h4 d6 7. h5 Bg4 8. hxg6
hxg6 9. Qe2 dxe5 10. dxe5 Qd7 11. Qe4 c6 12. Bd3 Na6 13. Nb3 Ndb4 14. Bh6 Nxd3+
15. cxd3 Bxh6 16. Rxh6 Kg7 17. Rh4 Bxf3 18. gxf3 Rh8 19. O-O-O Rxh4 20. Qxh4 Rh8
21. Qe4 Qf5 22. Qd4 Qxf3 23. Qxa7 Rh2 24. Qxb7 Qxf2 25. Rd2 Qe1+ 26. Kc2 Rxd2+
27. Nxd2 Nc5 28. Qxc6 Qxe5 29. b4 Ne6 30. Qc3 Nd4+ 31. Kb2 f6 32. a4 Qd6 33. a5
Ne2 34. Qc4 Nf4 35. Ne4 Qxd3 36. Qxd3 Nxd3+ 37. Kc3 Ne5 38. a6 Nd7 39. a7 Nb6
40. Kd4 f5 41. Kc5 Na8 42. Nf2 e5 43. b5 e4 44. b6 e3 45. Nd3 1-0

[Event "ch-FRA Blitz Online Qual"]
[Site "Europe-Chess INT"]
[Date "2020.05.16"]
[Round "12"]
[White "Polivanov, Anatoliy"]
[Black "Guezennec, Franck"]
[Result "1-0"]
[WhiteTitle "IM"]
[WhiteElo "2452"]
[BlackElo "2272"]
[WhiteFideId "14109468"]
[BlackFideId "633550"]
[EventDate "2020.05.16"]

1. e4 c5 2. Nf3 d6 3. d4 cxd4 4. Nxd4 Nf6 5. Nc3 a6 6. g3 e5 7. Nb3 Be6 8. Bg2
Nbd7 9. O-O Rc8 10. a4 Qc7 11. Re1 Be7 12. Nd2 O-O 13. Nf1 Rfd8 14. Ne3 Bf8 15.
f4 exf4 16. gxf4 Nb6 17. f5 Bd7 18. a5 Nc4 19. Ned5 Qc5+ 20. Kh1 Nxd5 21. Nxd5
Ne5 22. c3 Qc6 23. Rg1 Rb8 24. Bg5 Qc4 25. Bxd8 Rxd8 26. Qd4 Qxd4 27. cxd4 Nd3
28. Rgf1 Bc6 29. f6 g6 30. b4 Re8 31. Ra3 Bxd5 32. exd5 Nxb4 33. Rb3 Nc2 34.
Rxb7 Bh6 35. Rfb1 Bg5 36. Rb8 Kf8 37. Rxe8+ Kxe8 38. Rb8+ Kd7 39. Bh3+ Kc7 40.
Rc8+ Kb7 41. Rxc2 Bxf6 42. Bc8+ Kb8 43. Bxa6 1-0

[Event "ch-FRA Blitz Online Qual"]
[Site "Europe-Chess INT"]
[Date "2020.05.16"]
[Round "12"]
[White "Travadon, Loic"]
[Black "Delorme, Alban"]
[Result "0-1"]
[WhiteTitle "IM"]
[BlackTitle "FM"]
[WhiteElo "2431"]
[BlackElo "2322"]
[WhiteFideId "26092131"]
[BlackFideId "623636"]
[EventDate "2020.05.16"]

1. d4 d5 2. c4 e6 3. Nc3 Nf6 4. Nf3 Be7 5. e3 O-O 6. b3 c5 7. Bb2 cxd4 8. exd4
Nc6 9. Bd3 dxc4 10. bxc4 b6 11. O-O Bb7 12. d5 exd5 13. Nxd5 Nxd5 14. cxd5 Nb4
15. Re1 Bxd5 16. Bb1 Bf6 17. Bxf6 Qxf6 18. Qd2 a5 19. a3 Bxf3 20. axb4 Rfd8 21.
Qc2 g6 22. Ra3 Re8 23. Rae3 Bc6 24. bxa5 bxa5 25. Ba2 a4 26. Qc4 Rab8 27. Rc1
Rb2 28. Rxe8+ Bxe8 29. Rf1 Bb5 30. Qc8+ Kg7 31. Bc4 Rc2 32. Qc5 Bxc4 33. Re1 a3
34. f3 a2 35. Qa3 Qg5 36. g4 Qd2 37. Qe7 Qf2+ 38. Kh1 Qxf3+ 39. Kg1 Rg2+ 40. Kh1
Re2+ 41. Kg1 Rxe7 42. Rxe7 a1=Q+ 43. Re1 Qxe1# 0-1

[Event "ch-FRA Blitz Online Qual"]
[Site "Europe-Chess INT"]
[Date "2020.05.16"]
[Round "12"]
[White "Degardin, Sylvain"]
[Black "Bijaoui, Manuel"]
[Result "0-1"]
[BlackTitle "IM"]
[WhiteElo "2267"]
[BlackElo "2411"]
[WhiteFideId "20623070"]
[BlackFideId "626783"]
[EventDate "2020.05.16"]

1. e4 c5 2. Nf3 d6 3. d4 cxd4 4. Nxd4 Nf6 5. Nc3 a6 6. h3 e6 7. g4 b5 8. Bg2 Bb7
9. O-O Nfd7 10. Nce2 Be7 11. Ng3 Nc6 12. Be3 Nb6 13. b3 Rc8 14. f4 O-O 15. c3 d5
16. e5 b4 17. cxb4 Bxb4 18. Rc1 Nd7 19. Kh2 Qa5 20. Qe2 Nxd4 21. Bxd4 Bc5 22.
Bc3 Qb6 23. Bb2 a5 24. Qf3 a4 25. f5 Bd4 26. Rxc8 Bxc8 27. Ba3 Nxe5 28. Qf4 Re8
29. fxe6 Bxe6 30. bxa4 Ng6 31. Qf3 Be5 32. Kh1 Nh4 33. Qd3 Nxg2 34. Kxg2 d4 35.
Rf2 Bd5+ 36. Kh2 Qc7 37. Bc1 Qxc1 38. Re2 Bxg3+ 39. Kxg3 Rxe2 40. Qxe2 Qe3+ 41.
Qxe3 dxe3 42. a5 Kf8 43. a6 Ke7 44. a7 Kd8 45. a4 Kc7 46. a5 Kb7 47. a6+ Kxa7
48. Kf4 e2 49. Ke3 e1=Q+ 0-1